00628nam a2200193Ia 4500008004100000020001400041082001300055100002400068245003700092250000800129260004100137300002900178500001900207600002100226650005000247942000700297952011500304999001500419240925s9999 xx 000 0 und d a471137723 a004. COH aCohen, Daniel I. A 0aIntroduction to Computer Theory  a2nd aNew York:bJohn Wiley & Sonsc,1997. aviii,743p.bNAfOriginal aIncludes Index aComputer Science aComputer science, information & general works cBK 001040708CSaUITUbUITUd2002-11-05eF.B.Cg100.00l0o004. COHpQ4714r2024-09-25 07:13:36w2024-09-25yBK c7213d7213